Quiero escapar de brigitte /

Guardado en:
Autor Principal: Giménez, Eduardo Abel
Otros Autores: Weiss, Mónica; il.
Formato: Libro
Publicado: Córdoba [argentina] : Comunic-arte, 2014
Series:Veinte Escalones
Materias:
Etiquetas: Agregar Etiqueta
Sin Etiquetas, Sea el primero en etiquetar este registro!
LEADER 00790nam a22002535a 4500
001 CEM.cems015282
005 20191104155142.0
008 130507s2014##################000#0#####d
003 CEMS
020 |a 9789876023085 
082 0 4 |a A863.4 
100 1 |a Giménez, Eduardo Abel 
245 1 0 |a Quiero escapar de brigitte /  |c Eduardo Abel Giménez ; ilustrado Por Mónica Weiss 
260 |a Córdoba [argentina] :  |b Comunic-arte,  |c 2014 
300 |a 128 p. 
490 0 |a Veinte Escalones 
653 |a Literatura 
653 |a Literatura argentina 
653 |a Literatura infantil 
653 |a Novela 
653 |a Novelas infantiles 
653 |a Colección ciencias de la educación 
700 1 |a Weiss, Mónica; il. 
859 |a CEMS  |b BIB. CEMS - Ccias. Educacion  |h A863.4  |i G429  |k CE  |p 28474.19  |t Ej.1